Construyendo puentes: el desarrollo y la salud sexual y reproductiva. Estudio de casos
-д хадгалсан:
| Үндсэн зохиолч: | |
|---|---|
| Формат: | Ном |
| Хэл сонгох: | испани |
| Хэвлэсэн: |
Lima
Runa
2004
|
| Хэвлэл: | 1a. ed |
| Нөхцлүүд: | |
| Шошгууд: |
Шошго нэмэх
Шошго байхгүй, Энэхүү баримтыг шошголох эхний хүн болох!
|
MARC
| LEADER | 00000cam a2200000 a 4500 | ||
|---|---|---|---|
| 001 | UCD0463 | ||
| 003 | CL-VaPUC | ||
| 008 | 151127e20040000pe |||||||||||||||||spa|d | ||
| 082 | 0 | 4 | |a 612.6 |b AND |2 21 |
| 100 | 0 | |a Andía Pérez, Bethsabé |e author |9 583433 | |
| 245 | 1 | 0 | |a Construyendo puentes: el desarrollo y la salud sexual y reproductiva. Estudio de casos |
| 250 | |a 1a. ed | ||
| 300 | |a 121 p | ||
| 942 | |c BK | ||
| 945 | |d 20151127 13:45:00 |a gsalatino | ||
| 260 | |a Lima |b Runa |c 2004 | ||
| 650 | 0 | |a Educación sexual |9 308005 | |
| 650 | 0 | |a Género |9 395998 | |
| 650 | 0 | |a Integración |9 316470 | |
| 583 | |a last modification |c 20151127 13:45:00 |k Rodrigo Vera | ||
| 999 | |c 361985 |d 361983 | ||